00696nam a2200205Ia 4500003000900000008004100009040001600050080001500066245007900081260004700160300001500207490002700222500002600249650004100275650001400316700003100330942000700361999001500368952010700383IN-BaIIA211028s9999 xx 000 0 eng d cIIA Library a523.9bTHE 4aThe suncedited by Gerard P. Kuiper  aChicagobUniversity of Chicago Pressc1953 axix, 745p. aThe Solar System; v. 1 aDonated by Mrs. Bappu aAstronomy and astrophysics thesaurus aSun91200 aKuiper, Gerard P ed.92858 cBK c7497d7497 00104070aBANbBANcGENd1983-07-15l2m14o523.9/ THEp8309r2023-03-27s2023-03-27w1983-07-15yBK